| 000 | 00702nam a2200193Ia 4500 | ||
|---|---|---|---|
| 003 | IN-BaIIA | ||
| 008 | 211028s9999 xx 000 0 eng d | ||
| 020 | _a0-7923-2769-1 | ||
| 040 | _cIIA Library | ||
| 080 |
_a082.2:52 _bIAU-C134 |
||
| 245 | 0 |
_aNonlinear phenomena in stellar variability _bproceedings of IAU-Colloquium held in at Joyo Geibun Center, Mito, Japan 7-10, January 1992 _cedited by M. Takeuti and J. R. Buchler |
|
| 260 |
_aDordrecht _bKluwer Academic _c1993 |
||
| 300 | _a375p. | ||
| 490 | _aIAU-Colloquium; no.134 | ||
| 650 | _aStars | ||
| 650 |
_aStellar variability _913386 |
||
| 700 |
_aBuchler, J. R., ed. _914502 |
||
| 942 | _cBK | ||
| 999 |
_c12873 _d12873 |
||